Statistics for USA State Flags with no red

Click here to take the quiz!

General Stats

  • This quiz has been taken 25 times
  • The average score is 10 of 14

Answer Stats

Answer% Correct
Alaska
100%
Washington
94%
Oregon
88%
Indiana
82%
Rhode Island
82%
South Dakota
82%
Connecticut
76%
Oklahoma
76%
South Carolina
76%
Kentucky
59%
Massachusetts
59%
Kansas
53%
Nebraska
53%
Nevada
41%

Score Distribution

Percentile by Number Answered

Percent of People with Each Score

Your Score History

You have not taken this quiz